Derechos humanos de las mujeres en Argentina : el camino hacia la igualdad /

Saved in:
Format: Book
Published: Buenos Aires : Ministerio de Justicia y Derechos Humanos de la Nación, 2012.
Edition:1a ed.
LEADER 00465nam a22001217a 4500
003 AR-BeUNQ
005 20240315095828.0
999 |c 37424  |d 121224 
245 |a Derechos humanos de las mujeres en Argentina :  |b el camino hacia la igualdad /  |c María Cristina Perceval (coord.) 
250 |a 1a ed. 
260 |a Buenos Aires :  |b Ministerio de Justicia y Derechos Humanos de la Nación,  |c 2012. 
929 |a DONACION  |b Rául Di Tomaso  |e 20230607  |f PAT0080053  |g 3687  |o PR  |h 1  |l Estante D 
942 |c LIB  |n 0